000
00327nam a2200145Ia 4500
999
_c
14318
_d
14318
003
OSt
005
20260317150156.0
008
260210s9999 xx 000 0 und d
020
_a
9780070546639
082
_a
690.09
100
_a
Gosta E. Sandstrom
245
0
_a
Man The Builder
260
_b
McGraw-Hill
942
_c
UG
_2
ddc